[Event "Olympiad-29"]
[Site "Novi Sad"]
[Date "1990.11.23"]
[Round "6"]
[White "Sokolov, Ivan"]
[Black "Kortschnoj, Viktor Lvovich"]
[Result "1-0"]
[WhiteElo "2550"]
[BlackElo "2630"]
[Annotator "Ftacnik,L"]
[PlyCount "67"]
[EventDate "1990.11.17"]
[EventType "team-swiss"]
[EventRounds "14"]
[EventCountry "YUG"]
[SourceTitle "TD"]
[Source "ChessBase"]
[SourceDate "1994.03.01"]
[SourceVersion "1"]
[SourceVersionDate "1994.03.01"]
[SourceQuality "1"]
[WhiteTeam "Yugoslavia II"]
[BlackTeam "Switzerland"]
[WhiteTeamCountry "YUG"]
[BlackTeamCountry "SUI"]

1. d4 Nf6 2. c4 e6 3. Nc3 Bb4 4. e3 b6 5. Nge2 Ne4 6. Qc2 Bb7 7. a3 Bxc3+ 8.
Nxc3 Nxc3 9. Qxc3 Qh4 $5 {N} 10. b3 O-O $6 (10... d6 11. Bb2 (11. c5 dxc5 12.
dxc5 O-O 13. Bb2 f6 $13) 11... Nd7 12. d5 (12. c5 dxc5 13. dxc5 (13. Bb5 O-O-O
$1) 13... Nxc5 14. Bb5+ (14. Qxg7 O-O-O $1) 14... c6 15. Qxg7 O-O-O 16. Be2
Rhg8 $132) 12... Nf6 $1 (12... e5 13. Be2 $14) 13. Bd3 exd5 14. cxd5 Bxd5 15.
Bb5+ (15. Qxc7 O-O 16. Qxd6 Rad8 17. Bxf6 gxf6 18. Qg3+ Qxg3 19. hxg3 Bxg2 20.
Bxh7+ Kg7 21. Rh2 Bd5 $132) 15... Kd8 16. O-O-O $13 (16. Bc6 $2 Ne4 $19)) 11.
Bb2 f6 (11... d6 12. d5 e5 13. Be2) 12. d5 $1 exd5 13. Rd1 {[#]} d4 (13... c6
14. cxd5 cxd5 15. Qc7 Ba6 (15... Bc6 16. Be2 $16) 16. Bxa6 Nxa6 17. Qb7 Nc5 18.
Qxd5+ Kh8 19. O-O $16) (13... dxc4 14. Rd4 Qg5 15. Qxc4+ Kh8 16. Qxc7 $16) (
13... c5 14. cxd5 d6 15. Bd3 (15. Be2 Qg5 16. Bf3 Nd7 17. h4 Qh6) 15... Qg5 16.
O-O Bxd5 17. e4 Bf7 18. f4 Qh5 19. Bc4 Nc6 20. Rxd6 Nd4 21. Qd3 Rad8 22. e5 $16
) 14. Rxd4 Qh5 (14... Qg5 15. h4 Qe5 16. Rh3 d6 17. Rg3 Nd7 18. Qc2 Qe7 19.
Rdg4 Rf7 20. Bd3 $16) 15. Be2 Qg6 16. Rg4 Qb1+ 17. Bd1 Nc6 (17... h5 18. Rg3 h4
19. Rg4 h3 20. O-O $1 hxg2 21. Re1 Qh7 $8 22. Bc2 $16) 18. O-O Qf5 19. Rg3 (19.
e4 Qe6 20. f4 Qxe4 21. Bf3 (21. Re1 Qf5) 21... Qe7 22. Re1 Qc5+) 19... Qe5 $2 (
19... Ne5 $5 20. f4 (20. Bc2 Be4) (20. f3 Qd3 21. Qc1 Qd6) 20... Nd3 (20... Ng6
21. Bg4 Qc5 22. Bxd7 $16) 21. Bg4 (21. Bc2 Be4) 21... Qe4 22. Bxd7 (22. Bf3 $2
Qxe3+ 23. Kh1 Nf2+ $19) 22... Rad8 23. Bg4 Nxb2 24. Qxb2 Rfe8 $14) 20. Qd2 Qe8
(20... Qe7) 21. Bc2 Ne5 22. h4 (22. f4 Ng6 23. e4 $1 d6 (23... Bxe4 24. Re1 f5
25. h4 Rf7 26. h5 Nf8 27. h6 $18) 24. Re1 $16) 22... d6 23. Qe2 $1 (23. f4 Nd7
24. Qd3 Qh5) 23... f5 $6 (23... Nd7 24. h5 $40) 24. f4 Ng4 25. Bxf5 (25. Bxg7
Kxg7 26. Bxf5 Rxf5 27. Qxg4+ Kf6 28. Qg7+ (28. e4 Qxe4) 28... Ke6 29. e4 Rf7 $1
(29... Bxe4 $2 30. Re1 d5 31. cxd5+ Kxd5 32. Qxc7 $18)) 25... Rxf5 26. Qxg4 Rf7
(26... Qg6 27. Qh3 $18) 27. Bxg7 Qd7 28. Qxd7 Rxd7 29. Bc3+ Kf8 30. f5 $1 Re8
31. f6 Be4 (31... Re4 32. h5 (32. Rg7 Rf7 $1) 32... Rh4 33. Rg7 Rf7 34. Rf5 $18
) 32. Rf4 Bg6 33. Kf2 Kf7 $2 (33... Re4 34. Kf3 d5 35. cxd5 Rxf4+ 36. Kxf4 Rxd5
37. e4 $18) 34. h5 $1 (34. h5 $1 Bxh5 (34... Bc2 35. Rg7+ Ke6 36. Rxd7 Kxd7 37.
f7 Rf8 38. Bg7 $18) 35. Rg7+ Ke6 36. Re4+ Kf5 37. Rxe8 Bxe8 38. Rxd7 Bxd7 39.
f7) 1-0

[Event "Groningen"]
[Site "Groningen"]
[Date "1991.??.??"]
[Round "1"]
[White "Sokolov, Ivan"]
[Black "Hansen, Curt"]
[Result "0-1"]
[WhiteElo "2570"]
[BlackElo "2600"]
[Annotator "Ftacnik,L"]
[PlyCount "78"]
[EventDate "1991.12.??"]
[EventType "tourn"]
[EventRounds "9"]
[EventCountry "NED"]
[EventCategory "13"]
[SourceTitle "CBM 027"]
[Source "ChessBase"]
[SourceDate "1992.04.01"]
[SourceVersion "1"]
[SourceVersionDate "1992.04.01"]
[SourceQuality "1"]

1. d4 Nf6 2. c4 e6 3. Nc3 Bb4 4. e3 b6 5. Nge2 Ne4 6. Qc2 Bb7 7. a3 Bxc3+ 8.
Nxc3 f5 (8... Nxc3 9. Qxc3 O-O (9... Qh4 $6 10. b3 O-O 11. Bb2 f6 12. d5 $1
exd5 13. Rd1 $16 {Sokolov,I-Kortchnoi,V/Novi Sad olm/1990/}) 10. b4 d6 11. Bb2
f5 12. h4 Nd7 13. c5 Bd5 14. c6 Nf6 15. f3 $13 {Vaiser,A-de Firmian,N/Moscow
GMA-op/1989/}) 9. d5 Nxc3 10. Qxc3 Qe7 {N} (10... O-O 11. Be2 a5 12. b3 Qf6 13.
Qxf6 Rxf6 14. Bb2 Rf7 15. Bf3 exd5 16. Bxd5 Bxd5 17. cxd5 Na6 $10 {
Malysev-Rajkovic,D/Bled op/1989/}) 11. dxe6 dxe6 12. b3 (12. b4 a5 (12... Nd7
13. Bb2 e5 14. c5 $1 bxc5 15. Bb5 $36) 13. Bb2 axb4 14. axb4 Rxa1+ 15. Bxa1 O-O
$10 {xg2}) 12... Nd7 13. Bb2 e5 14. O-O-O (14. b4 O-O-O $22 (14... c5 15. bxc5
bxc5) 15. c5 bxc5 16. bxc5 Qxc5 17. Qxc5 Nxc5 18. Bxe5 Nd3+ 19. Bxd3 Rxd3 20.
Bxg7 Rg8 $10) 14... O-O-O 15. b4 Rhe8 16. f3 Qh4 17. Qe1 Qh6 (17... Qxe1 18.
Rxe1 $14) 18. Kb1 g5 $1 19. Qf2 $6 (19. Be2 $10) 19... e4 20. Be2 (20. f4 gxf4
21. Qxf4 Qxf4 22. exf4 e3 23. Re1 $13) 20... f4 $1 21. fxe4 (21. exf4 e3 22.
Qe1 (22. fxg5 $2 exf2 23. gxh6 Rxe2 $19) 22... gxf4 $17) 21... Bxe4+ 22. Ka1
fxe3 23. Qg3 (23. Qxe3 Bxg2 $17) 23... Qg6 24. Rhe1 (24. Rxd7 $5 Kxd7 $1 (24...
Rxd7 25. Bg4 $22 Bf5 $2 26. Qf3 Bxg4 27. Qa8#) 25. Bg4+ Bf5 26. Rd1+ Kc8 $19)
24... h5 25. Rd4 g4 26. Bf1 (26. Qxe3 Bxg2 27. Qd2 Bc6 $17) 26... Qf7 $1 27. h3
gxh3 28. Qxh3 Kb8 29. Ka2 $6 (29. Red1 Bf5 30. Qf3 Qe6 $17) (29. Qh4 $5 Bg6 30.
Rf4 $15) 29... Qf2 $1 30. Rdd1 Bc2 31. Rc1 (31. Re2 Qf5 (31... Bxd1 32. Rxf2
exf2 33. Qh4 Rf8 34. Bd4 $13) 32. Qxf5 Bxf5 $22 33. Rde1 Bd3 $19) 31... Bf5 32.
Qxh5 Nf6 33. Qg5 Ng4 (33... Rd2 $2 34. Qxf6 Bb1+ 35. Kxb1 Qxf6 36. Bxf6 $18)
34. Re2 Rg8 $1 35. Qxg8 (35. Rxf2 Rxg5 36. Re2 Bd3 37. Ree1 Bxf1 38. Rxf1 Rd2
$19) 35... Rxg8 36. Rxf2 exf2 37. Be2 (37. Bd4 Rd8 38. Rd1 Ne3 $19) 37... Nh2
38. Bd4 Rxg2 39. Bf1 Rg1 {Ftacnik,L} 0-1

[Event "American Continental 3rd"]
[Site "Buenos Aires"]
[Date "2005.08.08"]
[Round "3"]
[White "Shulman, Yuri"]
[Black "Uribe, Mauricio"]
[Result "1-0"]
[WhiteElo "2550"]
[BlackElo "2373"]
[Annotator "Gavrikov,V"]
[PlyCount "65"]
[EventDate "2005.08.06"]
[EventType "swiss"]
[EventRounds "11"]
[EventCountry "ARG"]
[SourceTitle "CBM 109"]
[Source "ChessBase"]
[SourceDate "2005.11.14"]
[SourceVersion "1"]
[SourceVersionDate "2005.11.14"]
[SourceQuality "1"]

1. d4 e6 2. c4 Nf6 3. Nc3 Bb4 4. e3 b6 5. Nge2 Ne4 {A drawback of this move is
that White can often realize d4-d5.} ({More solid choice is} 5... Ba6 6. a3
Bxc3+ 7. Nxc3 d5 8. b3 O-O) ({or} 5... c5 6. a3 Ba5) 6. Bd2 $5 ({The most
popular continuation is} 6. Qc2 Bb7 7. a3 Bxc3+ 8. Nxc3 Nxc3 9. Qxc3 {however
after} O-O 10. b4 d6 11. Bb2 Nd7 12. d5 e5 13. Be2 Qe7 14. O-O f5 15. Rae1 c6
16. dxc6 Bxc6 17. f4 Rac8 {Black seems to have sufficient counterplay, 1/2-1/2
Jelling,E-Schandorff,L/Denmark 1989/EXT 97 (23)}) 6... Nxd2 7. Qxd2 Bb7 8. a3
Be7 ({Worse is} 8... Bxc3 9. Nxc3 f5 (9... d5 10. cxd5 exd5 11. Be2 O-O 12. b4
$14) 10. d5 O-O 11. Be2 a5 12. O-O Na6 13. Qc2 Qh4 14. g3 Qh3 15. Rfd1 e5 16.
Bf1 Qh5 17. Rab1 $14 {1-0 Saidy,A-Hough,R/Las Vegas 1993/EXT 97 (32)}) 9. d5
O-O (9... e5 10. g3 d6 11. Bg2 Nd7 12. b4 O-O 13. O-O f5 14. f4 Bf6 15. e4 fxe4
16. Bxe4 $14 {occurred in 1-0 Shulman,Y-Roussel Roozmon,T/Toronto 2002/CBM 089
ext (62)}) 10. g3 d6 11. Bg2 Nd7 12. O-O {In such situations the space
advantage is usually more important factor than Black´s pair of bishops.} e5
13. f4 $5 (13. b4 {transposes to the previous example.}) 13... a5 $5 ({After} 
13... f5 $6 {White can open the position and exploit the weakness of e6-square
by} 14. e4 $1 exf4 15. Nxf4 Bg5 16. exf5 Rxf5 17. Qc2 Re5 18. Ne6 Be3+ 19. Kh1
Qe7 20. Nb5 a6 21. Nbxc7 Rc8 22. Rae1 $16 {0-1 Jelen,I-Grosar,A/Slovenia 1992/
TD (37)}) ({and in the event of} 13... g6 14. Rae1 Bf6 {interesting is} 15. g4
$5 Bg7 16. g5 Qe7 17. Ng3 f5 18. gxf6 Nxf6 19. Bh3 Bc8 20. f5 gxf5 21. Nxf5
Bxf5 22. Rxf5 $14 {1-0 Volkov,S-Moiseenko,A/Sochi 2004/CBM 100 ext (41)}) 14.
Qc2 Bf6 $146 (14... h5 15. h3 g6 16. Bf3 exf4 {0-1 Pogorelov,R-Moiseenko,A/
Santo Domingo 2002/CBM 091 ext (60)} 17. gxf4 $5 $14) 15. Ne4 $5 {White wants
to provoke the exchange on f4 intending to take with g-pawn.} Nc5 16. N2c3 exf4
({Quite possible is instead} 16... Nxe4 17. Nxe4 a4 {preventing b2-b4 with
passive but playable position.}) 17. gxf4 Re8 (17... Bxc3 18. Nxc3 a4 19. e4
$14) 18. Rae1 Nxe4 ({Perhaps stronger was} 18... Ba6 $5 19. b4 axb4 20. axb4
Nxe4 (20... Bxc4 21. bxc5 Bxf1 22. Bxf1 bxc5 $13) 21. Nxe4 Bc8) 19. Nxe4 Bh4
20. Ng3 Qf6 21. e4 Qd4+ 22. Kh1 Bxg3 23. hxg3 Ba6 24. Rc1 Re7 $6 {Allows White
to cut off the retreat for black queen.} (24... Qf6 $142) 25. e5 $1 {[%csl Rd4]
} Rae8 $2 {A decisive mistake.} ({Necessary was to parry the threat of b2-b4 by
} 25... Qc5) 26. b4 $1 {[%cal Gf1d1]} b5 ({The best try was} 26... axb4 27.
axb4 b5 28. Rfd1 Qe3 (28... Qa7 $2 29. Ra1 Qb7 30. Qa2 Ra8 31. cxb5 Qxb5 32.
Bf1 $18) (28... Qb6 $2 29. c5 Qb8 30. cxd6 cxd6 31. Qc6 $18) 29. Rd3 Qb6 30. c5
Qb8 {but then} 31. cxd6 cxd6 32. Qc6 $1 {leads to the winning position,e.g.}
Bb7 (32... Bc8 33. exd6 Bd7 34. dxe7 $1 Bxc6 35. dxc6 Rxe7 36. Rd7 Re8 37. c7
Qc8 38. Rd8 Rxd8 39. cxd8=Q+ Qxd8 40. Bb7 $18) (32... Rc8 33. exd6 Ra7 34. Bh3
Rxc6 35. dxc6 $18) 33. Qxd6 Qxd6 34. exd6 Re1+ 35. Rxe1 Rxe1+ 36. Kh2 Bc8 (
36... Re8 37. d7 Rd8 38. Rc3 Rxd7 39. d6 g6 40. Bxb7 Rxb7 41. Rc7 $18) 37. Rc3
Re8 38. Rc7 Rd8 39. Bf1 Bd7 (39... Bf5 40. Bxb5 Rxd6 41. Bc6 Rd8 42. b5 $18)
40. Kg2 Kf8 41. Kf3 Be8 42. Ke4 Rxd6 43. Ke5 Rd8 44. Bh3 $18) 27. c5 $1 axb4 (
27... dxe5 $2 28. Rfd1) 28. cxd6 cxd6 29. exd6 b3 (29... Ra7 30. Qc6 Rf8 31.
axb4 {[%cal Gc6c5]} Qf6 (31... Qxb4 32. Qb6 Raa8 33. Ra1 $18) 32. d7 Qd8 33.
Ra1 Bb7 34. Rxa7 $1 Bxc6 35. dxc6 g5 36. Rd1 Qf6 37. c7 Qh6+ 38. Kg1 Qb6+ 39.
Kf1 Qxa7 40. d8=Q $18) 30. Qc6 Re2 31. d7 Rd8 32. Qxa6 Rxg2 33. Qc8 1-0

[Event "EU-Cup 21st"]
[Site "Saint Vincent"]
[Date "2005.09.19"]
[Round "2.1"]
[White "Winants, Luc"]
[Black "Pedersen, Nicolai Vesterbaek"]
[Result "1-0"]
[WhiteElo "2543"]
[BlackElo "2488"]
[Annotator "Gavrikov,V"]
[PlyCount "49"]
[EventDate "2005.09.18"]
[EventType "team-swiss"]
[EventRounds "7"]
[EventCountry "ITA"]
[SourceTitle "CBM 110"]
[Source "ChessBase"]
[SourceDate "2006.01.31"]
[SourceVersion "1"]
[SourceVersionDate "2006.01.31"]
[SourceQuality "1"]
[WhiteTeam "Liege"]
[BlackTeam "Calder"]
[WhiteTeamCountry "BEL"]
[BlackTeamCountry "NED"]

1. d4 Nf6 2. c4 e6 3. Nc3 Bb4 4. e3 b6 5. Nge2 Ne4 ({This variation is less
popular than} 5... Ba6 {when White mostly continues} 6. a3 ({to the
approximately equal ending leads} 6. Ng3 Bxc3+ 7. bxc3 d5 8. Ba3 Bxc4 9. Bxc4
dxc4 10. Qa4+ Qd7 11. Qxc4 Qc6 12. Qxc6+ Nxc6 13. c4 O-O-O {e.g.} 14. Rc1 Kb7
15. Ke2 Rd7 16. Bb2 (16. Rhd1 Rhd8) 16... Rhd8 17. f3 Ne8 18. Ne4 h6 19. Nd2 f6
20. h4 e5 21. d5 Nb8 22. e4 c5 23. g3 Re7 24. f4 Nd7 $11 {1/2-1/2 Lugovoi,
A-Yemelin,V/St Petersburg 1995/CBM 047 (29)}) 6... Bxc3+ 7. Nxc3 d5 8. b3 O-O
9. Be2 Nc6 10. a4 {for example:} Qd7 11. O-O Rfd8 12. Bb2 Na5 13. Nb5 dxc4 14.
bxc4 c6 15. Na3 c5 16. dxc5 $5 Qe7 17. Qc2 Qxc5 18. Rfd1 Bb7 19. Bf1 {1-0
Aleksandrov,A-Akopian,V/New Delhi/Teheran 2000/CBM 080 (44) with unclear
position.}) 6. Bd2 ({Winants has also played this line as Black and had no any
problems after} 6. Qc2 Bb7 7. a3 Bxc3+ 8. Nxc3 Nxc3 9. Qxc3 O-O 10. b3 (10. b4
d6 11. Bb2 Nd7) 10... d6 11. Bb2 Nd7 12. O-O-O Qe7 13. f3 d5 14. Bd3 f5 15. Kb1
c5 16. Bc2 a5 {[%cal Ga5a4] 1/2-1/2 Granda Zuniga,J-Winants,L/Mallorca 2004/
CBM 104 (37)}) 6... Nxd2 7. Qxd2 Bb7 8. a3 Be7 ({Interesting that after} 8...
Bxc3 9. Nxc3 {nobody has tried} d5 10. cxd5 exd5 {although it seems logical to
me prevent the advance d4-d5 with passive but playable position.}) 9. d5 d6 10.
g3 c5 $6 ({More reliable is the usual continuation} 10... O-O 11. Bg2 e5 12.
O-O Nd7) 11. Bg2 e5 ({Better looks first} 11... O-O {and only after} 12. O-O {-
} e5 13. f4 exf4 14. exf4 (14. gxf4 $5) 14... Bc8 $14 {0-1 Iclicki,W-Ward,C/
London 1988/TD (35)}) 12. g4 $5 {White wants to reduce Black´s active
possibilities and secure e4-square for the knight.} Qd7 $6 {In my opinion this
reply is dubious.} ({Deserved attention instead} 12... Bc8 13. h3 Bh4 $5 ({
worse is} 13... h5 $6 14. O-O-O $1 hxg4 15. hxg4 Rxh1 16. Rxh1 Bxg4 17. Rh8+
Bf8 18. Ng3 $44) 14. Ng3 O-O {planning f7-f5.}) 13. h3 h5 $6 {Black only
assists White in his play on the kingside.} (13... Na6 $142 14. Ng3 O-O-O) 14.
O-O-O $1 Na6 ({Bad is} 14... hxg4 $2 15. hxg4 Rxh1 16. Rxh1 Qxg4 17. Rh8+ Bf8
18. Ng3 {and Black has serious problems to complete his development since} Nd7
{loses to} 19. Nce4 O-O-O 20. Bh3 Qf3 21. Ng5 Qf6 22. Bxd7+ Kxd7 23. Nh7) 15.
Ng3 h4 ({If} 15... hxg4 16. hxg4 O-O-O (16... Rxh1 $2 17. Rxh1 Qxg4 $4 18. Rh8+
Bf8 19. Nce4 Qd7 20. Bh3 Qc7 21. Qd1 $1 $18 {[%cal Gd1a4]}) {then unpleasant is
} 17. Qe2 {with the idea Qf3.}) 16. Nge4 Nc7 17. f4 exf4 18. exf4 f5 $2 {
This mistake leads to the hopeless situation.} (18... O-O-O $8 $16) 19. gxf5
Qxf5 20. Rde1 Kd8 $6 ({More tenacious was} 20... O-O-O {although the result is
not in doubt after} 21. Nxc5 bxc5 22. Rxe7 $18) 21. Ng5 $1 Re8 (21... Bxg5 22.
fxg5 $18) 22. Ne6+ Nxe6 23. dxe6 {[%cal Gd2d8,Gg2b7]} Rb8 24. Nb5 Qf8 (24...
Bxg2 25. Nxd6 $18) 25. Nxd6 $1 ({Black resigned because of} 25. Nxd6 $1 Bxd6
26. e7+) 1-0

[Event "Olympiad-37"]
[Site "Turin"]
[Date "2006.05.28"]
[Round "7"]
[White "Gurevich, Mikhail"]
[Black "Rozentalis, Eduardas"]
[Result "1-0"]
[WhiteElo "2643"]
[BlackElo "2596"]
[Annotator "Gurevich,M"]
[PlyCount "61"]
[EventDate "2006.05.21"]
[EventType "team-swiss"]
[EventRounds "13"]
[EventCountry "ITA"]
[SourceTitle "CBM 113"]
[Source "ChessBase"]
[SourceDate "2006.07.31"]
[SourceVersion "1"]
[SourceVersionDate "2006.07.31"]
[SourceQuality "1"]
[WhiteTeam "Turkey"]
[BlackTeam "Lithuania"]
[WhiteTeamCountry "TUR"]
[BlackTeamCountry "LTU"]

1. d4 Nf6 2. c4 e6 3. Nc3 Bb4 4. e3 b6 5. Nge2 O-O (5... Ba6 6. a3 Be7 7. Nf4
O-O 8. e4 d6 9. d5 e5 10. Nh3 Bc8 11. g3 a5 12. f3 Na6 13. Rb1 Ne8 14. b4 f5
15. Nf2 Bg5 16. Be2 f4 (16... Bxc1 17. Qxc1 f4 $36) 17. Nd3 Qf6 $132 {1/2-1/2
Baburin,A-Al Modiahki,M/Turin ITA 2006 (35)}) (5... c5 6. a3 Ba5 7. Rb1 Na6 8.
g3 Bb7 9. d5 b5 10. Bg2 bxc4 11. O-O e5 12. f4 O-O 13. e4 Re8 14. h3 d6 {
1/2-1/2 Conquest,S-Dgebuadze,A/Birmingham ENG 2006/The Week in Chess 600 (32)}
15. fxe5 $5 Rxe5 (15... dxe5 16. Bg5 $40) 16. Bf4 Re8 17. Bg5 $40) 6. a3 Bxc3+
7. Nxc3 d5 8. Be2 Bb7 9. O-O Nbd7 10. b4 dxc4 11. Bxc4 c5 12. Bb2 a6 $5 {
TN [/\13...b5;13...cxb414.axb4 b5<=><<]} (12... Qc7 13. Be2 Rfd8 14. Rc1 Rac8
15. f3 Qb8 16. dxc5 bxc5 17. Qb3 cxb4 18. axb4 h5 {1/2-1/2 Korobov,
A-Rozentalis,E/Cappelle la Grande 2004/PowerBook2005 (21)} 19. Rfd1 $5 $14) 13.
dxc5 bxc5 14. Be2 Nd5 $5 {[/\15...Q5|^>>]} 15. Nxd5 Bxd5 16. Qd2 $5 {[xe3;/
\Rfd1,Rac1[+];} (16. Bf3 Bxf3 17. Qxf3 Qe7 $11) 16... Qg5 17. f3 Rfd8 18. Rfd1
$1 {[/\19.e4]} f5 (18... Bb3 19. e4 Qg6 20. Rdc1 c4 21. Qe3 Rac8 22. Bd1 $1 $16
{xc4,a6}) 19. Rac1 $5 (19. e4 $5 Qxd2 20. Rxd2 fxe4 21. fxe4 Bxe4 22. Bc4 Nf8
23. Rxd8 Rxd8 24. Re1 $14) 19... cxb4 20. axb4 Nf6 (20... Bb3 21. e4 f4 22. Rf1
$16) 21. Qc3 $1 {[/\22.Qa3,Bb2-e5-f4]} Ra7 22. Qa3 Rad7 23. Be5 Bb7 24. Bf4 Qg6
(24... Rxd1+ 25. Rxd1 Rxd1+ 26. Bxd1 Qh4 27. Bg3 Qc4 28. Bb3 Qc8 29. Be5 $14)
25. Qa5 $1 {[/\26.Qxd8]} Nd5 $6 (25... Rxd1+ $142 26. Rxd1 Rxd1+ 27. Bxd1 Qe8
28. Qc7 Qb5 29. Qe7 $14) 26. b5 $1 $18 e5 $5 (26... Nxf4 27. Qxd8+ Rxd8 28.
Rxd8+ Kf7 29. Rc7+ Kf6 30. exf4 $18) (26... axb5 27. Bxb5 $18) 27. bxa6 $1 Bxa6
(27... Bc6 28. Bxe5 Qg5 29. Bf4 Nxf4 30. exf4 $18) 28. Bxa6 exf4 29. Rc8 $5 (
29. Bc4 $1 Qe6 30. e4 $1 fxe4 31. Rxd5 Rxd5 32. Qxd8+ $18) 29... Qe8 30. Rxd8
Rxd8 31. Bc4 (31. Rxd5 Qxe3+ 32. Kf1 Qc1+ 33. Qe1 Qxe1+ 34. Kxe1 Rxd5 35. Bc4
$18) 1-0

[Event "ISR-ch"]
[Site "Ramat Aviv/Modiin"]
[Date "2000.12.24"]
[Round "7"]
[White "Kaspi, Alexander"]
[Black "Postny, Evgeny"]
[Result "1/2-1/2"]
[WhiteElo "2488"]
[BlackElo "2434"]
[Annotator "Hecht,H"]
[PlyCount "193"]
[EventDate "2000.12.17"]
[EventType "tourn"]
[EventRounds "11"]
[EventCountry "ISR"]
[EventCategory "11"]
[SourceTitle "CBM 081"]
[Source "ChessBase"]
[SourceDate "2001.03.20"]
[SourceVersion "1"]
[SourceVersionDate "2001.03.20"]
[SourceQuality "1"]

1. d4 Nf6 2. c4 e6 3. Nc3 Bb4 4. e3 b6 5. Nge2 Ne4 6. Bd2 Nxd2 7. Qxd2 O-O 8.
a3 Be7 9. d5 d6 10. dxe6 fxe6 11. Nf4 c6 12. Bd3 e5 13. Nfe2 g6 14. O-O Be6 15.
f4 Nd7 16. Ng3 Bf7 17. f5 g5 18. Be2 Nf6 19. e4 h6 20. Rfd1 a6 21. Nf1 b5 22.
Ne3 Qb6 23. Kh1 Rfd8 24. b4 Kg7 25. h3 Qb7 26. Qe1 Kh7 27. Rd2 Rd7 28. Rad1
Rad8 29. Qg3 Qb8 30. Qf2 Qa7 31. Qg3 Qb8 32. Qf3 Qb7 33. Rf1 Rg8 34. Rfd1 Rgd8
35. Rb1 Qc7 36. Rc1 Qb8 37. Rdc2 Qb7 38. Rd1 Qb8 39. Rb2 Qc7 40. Kg1 bxc4 41.
Rbd2 d5 42. exd5 cxd5 43. Ncxd5 Bxd5 44. Nxd5 Rxd5 45. Rxd5 Rxd5 46. Rxd5 e4
47. Qe3 Nxd5 48. Qxe4 Nc3 49. Qxc4 Nxe2+ 50. Qxe2 Qc1+ 51. Kf2 Qf4+ 52. Qf3
Qd4+ 53. Qe3 Qf6 54. g4 Kg7 55. Kf3 Qd6 56. Ke4 Qc6+ 57. Kd3 Bf6 58. Qa7+ Kg8
59. Qb8+ Kf7 60. Qa7+ Ke8 61. Qe3+ Kd7 62. Qa7+ Ke8 63. Qe3+ Kd8 64. Ke2 Kd7
65. Qd3+ Kc7 66. Qg3+ Qd6 67. Qxd6+ Kxd6 68. Kd3 {[#] Es sieht so aus, als
würden die um drei Linien voneinander entfernten Freibauern gegen den Läufer
das Remis halten. Hinzu kommt der Remisfaktor Läufer + falscher Randbauer bei
Abtausch des schwarzen a-Bauern.} Kd5 (68... Bb2 69. a4 Ba3 70. b5 axb5 71.
axb5 Kc5 72. Ke4 (72. f6 Kd6 73. b6 Ke6 74. b7 Bd6 $19) 72... Bb2 73. b6 Kxb6
74. Kd5 Kc7 75. Ke6 Kd8 76. Kf7 Bd4 77. Kg6 Ke7 78. Kxh6 Kf6 79. Kh5 Bf2 80.
Kh6 Bh4 81. Kh7 Kf7 82. Kh6 $11) 69. a4 Bd4 70. b5 a5 (70... axb5 71. axb5 Bg7
72. b6 Kc6 73. Ke4 Kxb6 74. Kd5 Kb5 75. Ke6 Kc4 76. Kf7 Bd4 77. Kg6 Kd5 78.
Kxh6 Bf6 79. Kg6 Ke5 80. Kf7 Bd8 81. Kg6 Be7 82. Kf7 Bc5 83. Kg6 Kf4 84. f6 Bb4
85. f7 Be7 86. Kh5 Kg3 87. f8=Q $11) 71. Ke2 Bb6 72. Kd3 Bd8 73. Ke3 Bb6+ 74.
Kd3 Ke5 75. Kc4 Bg1 76. Kd3 h5 77. gxh5 $1 {Nach dem Tausch auf g4 würde g4
angreifbar.} (77. Kc4 hxg4 78. hxg4 Bb6 79. Kd3 Bc7 80. Ke3 Bd8 81. Kd3 $1 (81.
Kf3 $2 Kd4 82. Kf2 Ke4 83. Ke2 Kf4 84. Kd3 Kxg4 85. Ke4 {und hier fehlt dem
Weißen ein Tempo} Kh3 86. Ke5 g4 87. f6 g3 88. f7 Be7 89. Ke6 Bb4 90. b6 g2 91.
b7 g1=Q 92. b8=Q Qg6+ $19) 81... Kf4 82. Kd4 Kxg4 83. Ke5 {hier hat Weiß ein
Tempo mehr} Kh5 84. Ke6 g4 85. f6 Kg6 86. f7 Kg7 87. Kd7 Bb6 88. Ke8 Bc5 89. b6
g3 90. b7 g2 91. b8=Q g1=Q 92. Qe5+ $11) 77... Kxf5 78. Ke2 Bb6 79. Kf3 Bd8 80.
Ke3 Bb6+ 81. Kf3 Bg1 82. Kg2 Bc5 83. Kf3 Bb6 84. Kg3 Bc7+ 85. Kf3 Bd8 86. Kg3
Ke6 87. Kg4 Kf7 88. Kf3 Kg7 89. Kg3 Kh7 (89... Kh6 90. Kg4 Bb6 91. h4 gxh4 92.
Kxh4 Bc7 93. Kg4 Bd8 94. Kf5 Kxh5 95. Ke6 Kg4 96. Kd7 Bh4 97. b6 Kf5 98. b7 Bg3
99. Kc6 (99. Kc8 Ke6 100. b8=Q Bxb8 101. Kxb8 Kd6 102. Kb7 Kc5 103. Kc7 Kb4
104. Kc6 Kxa4 105. Kc5 Kb3 $19) 99... Ke4 100. Kb5 Bc7 101. b8=Q $11) 90. Kf3
Bc7 91. Kg4 Bd8 92. Kg3 Kg7 93. Kf3 Bc7 94. Kg4 Bd8 95. Kf3 Kf6 96. Ke4 Kg7 97.
Kf3 1/2-1/2